000
00395nam a22001697a 4500
003
MPLRDC
005
20220104143226.0
008
210129b ||||| |||| 00| 0 eng d
082
_a
880 TGNF-11
100
_a
屠格涅夫著
245
_a
屠格涅夫选集
_c
260
_a
_b
文学出版社
_c
300
_b
平
490
_a
世界文学丛书
650
_a
942
_c
BK
_o
880 TGNF-11
999
_c
37822
_d
37812